000 004130000a22001810004500
003 MACL
005 20150821113807.0
008 150821b xxu||||| |||| 00| 0 eng d
040 _aMACL
_cMACL
041 _aEnglish
082 _a616/BOS
100 _aBose, S.M.
_96398
245 _aCancer
260 _bNatioal Book Trust
_c1992
_aNew Delhi
350 _a25
650 _aDisease
_96399
942 _cBK
_k616
_2ddc
999 _c4792
_d4792